Účtovanie o okamžitých (spotových) účtovných prípadoch podľa IFRS na príklade kúpy a predaja cudzej meny

Účtovanie o spotových operáciách podľa IFRS má v porovnaní s pohľadávkovo-záväzkovým spôsobom, okrem toho, že redukuje počet účtovných zápisov aj tú výhodu, že vylučuje súbežné účtovné zápisy. Tieto výhody dosahuje za tú cenu, že sledovať pohyb hospodárskych prostriedkov sa nedá úplne z účtovných zá...

Celý popis

Uložené v:
Podrobná bibliografia
Hlavný autor: Kučera, Ľubomír
Médium: Kapitola
Jazyk:Slovak
Predmet:
Tagy: Pridať tag
Žiadne tagy, Buďte prvý, kto otaguje tento záznam!

MARC

LEADER 00000naa a2200000 4500
001 0143713
005 20231208084715.6
041 0 |a slo 
044 |a SK 
245 1 0 |a Účtovanie o okamžitých (spotových) účtovných prípadoch podľa IFRS na príklade kúpy a predaja cudzej meny  |c Ľubomír Kučera 
520 |a Účtovanie o spotových operáciách podľa IFRS má v porovnaní s pohľadávkovo-záväzkovým spôsobom, okrem toho, že redukuje počet účtovných zápisov aj tú výhodu, že vylučuje súbežné účtovné zápisy. Tieto výhody dosahuje za tú cenu, že sledovať pohyb hospodárskych prostriedkov sa nedá úplne z účtovných zápisov účtov hlavnej knihy, ale je na ten účel potrebné použiť aj podsúvahovú evidenciu. Ilustračné príklady. 
610 2 0 |a štandardy účtovné medzinárodné 
610 2 0 |a prípady účtovné 
610 2 0 |a kúpa 
610 2 0 |a predaj 
610 2 0 |a mena 
100 1 |a Kučera, Ľubomír